Normal view
MARC view
- Surgery, Operative
Entry Topical Term
001 - CONTROL NUMBER
- control field: 113387
003 - CONTROL NUMBER IDENTIFIER
- control field: NUST
005 - DATE AND TIME OF LATEST TRANSACTION
- control field: 20230705152832.0
008 - FIXED-LENGTH DATA ELEMENTS
- fixed length control field: 230705|| aca||aabn | a|a d
040 ## - CATALOGING SOURCE
- Original cataloging agency: NUST
- Transcribing agency: NUST
150 ## - HEADING--TOPICAL TERM
- Topical term or geographic name entry element: Surgery, Operative
670 ## - SOURCE DATA FOUND
- Source citation: Work cat.: (NUST): Schwartz's Principles of Surgery /, 2019.
